000
00237 a2200097 4500
001
41412
100
_a
Kenning, M
245
_a
Introduction to computer assuted language
260
_a
Landon
_b
oxford University
_c
090
_c
25588
_d
25588
942
_a
NUST-CAE
_c
M
_c
17322
999
_c
276485
_d
276485